|
|
|
|
| LEADER |
00000nas a2200000 4500 |
| 001 |
ssj0014417 |
| 003 |
WaSeSS |
| 005 |
20200512172242.0 |
| 006 |
m d |
| 007 |
cr n |
| 008 |
750727c19559999oncfr p s o 0 a0eng c |
| 010 |
|
|
|a 56004160
|z ce 76302149
|
| 016 |
|
|
|a (AMICUS)000000089725
|
| 016 |
7 |
|
|a 0234022
|2 DNLM
|
| 016 |
7 |
|
|a A55470000
|2 DNLM
|
| 022 |
|
|
|l 0003-5459
|y 0003-5459
|
| 030 |
|
|
|a ATRPBS
|
| 035 |
|
|
|a (WaSeSS)ssj0014417
|
| 037 |
|
|
|b Wilfrid Laurier University Press, Waterloo, Ont. N2L 3C5
|
| 040 |
|
|
|a MUL
|b eng
|c MUL
|d FUL
|d NLC
|d NSD
|d NLC
|d DLC
|d SER
|d AIP
|d NLC
|d AIP
|d OCL
|d DLC
|d NLC
|d NST
|d EBZ
|d NST
|d WAU
|d HUL
|d WAU
|d NLM
|d OCLCQ
|d NLGGC
|d CUS
|d ZP2
|d CRU
|d OCLCQ
|d EYM
|d HUL
|d OCLCF
|d CUS
|d OCLCO
|d OCLCA
|d OCLCQ
|d GILDS
|d OCLCO
|d OCLCQ
|d OCLCA
|d WaSeSS
|
| 041 |
0 |
|
|a eng
|a fre
|
| 042 |
|
|
|a nlc
|a isds/c
|a pcc
|
| 043 |
|
|
|a n-cn---
|
| 050 |
0 |
0 |
|a E78.C2
|b A53
|
| 050 |
1 |
4 |
|a GN1
|b .A56
|
| 055 |
0 |
1 |
|a GN1
|
| 060 |
0 |
0 |
|a W1
|b AN846K
|
| 082 |
0 |
4 |
|a 306/.05
|2 19
|
| 210 |
0 |
|
|a Anthropologica
|b (Ott.)
|
| 222 |
|
0 |
|a Anthropologica
|b (Ottawa)
|
| 245 |
0 |
0 |
|a Anthropologica
|h [electronic resource].
|
| 260 |
|
|
|a Waterloo, Ont.
|b Wilfrid Laurier University Press
|
| 310 |
|
|
|a Semiannual
|
| 362 |
0 |
|
|a no. 1-8, 1955-59; n.s., v. 1- 1959-
|
| 506 |
|
|
|a License restrictions may limit access.
|
| 515 |
|
|
|a Designation New ser. is dropped, <v. 29->
|
| 546 |
|
|
|a Text in English and French.
|
| 550 |
|
|
|a Issued by the University of Ottawa. Research Center for Amerindian Anthropology, 1955-59; University of Ottawa. Canadian Research Centre for Anthropology, 1960-66; Saint Paul University (Ottawa, Ont.). Canadian Research Centre for Anthropology, 1967-82; Laurentian University, 1983-86; Wilfrid Laurier University, 1987- (for Canadian Anthropology Society, 1998- ).
|
| 555 |
|
|
|a 1955-65 in v. 7.
|
| 650 |
|
0 |
|a Indians of North America
|z Canada
|v Periodicals.
|
| 650 |
|
2 |
|a Anthropology.
|
| 650 |
|
7 |
|a Indians of North America.
|2 fast
|0 (OCoLC)fst00969633
|
| 650 |
1 |
7 |
|a Culturele antropologie.
|2 gtt
|
| 651 |
|
7 |
|a Canada.
|2 fast
|0 (OCoLC)fst01204310
|
| 655 |
|
0 |
|a Electronic journals.
|
| 710 |
2 |
|
|a University of Ottawa.
|b Research Center for Amerindian Anthropology.
|
| 710 |
2 |
|
|a University of Ottawa.
|b Canadian Research Centre for Anthropology.
|
| 710 |
2 |
|
|a Saint Paul University (Ottawa, Ont.).
|b Canadian Research Centre for Anthropology.
|
| 710 |
2 |
|
|a Laurentian University of Sudbury.
|
| 710 |
2 |
|
|a Wilfrid Laurier University.
|
| 710 |
2 |
|
|a Canadian Anthropology Society.
|
| 776 |
0 |
8 |
|i Microfiche version:
|t Anthropologica (Ottawa, Ont.)
|x 0003-5459
|w (DLC)ce 87030652
|w (OCoLC)16165273
|
| 780 |
0 |
5 |
|t Culture (Canadian Anthropology Society)
|g 1998
|x 0229-009X
|w (DLC)sn 92037396
|w (OCoLC)26088459
|
| 850 |
|
|
|a AzU
|a CU-Riv
|a DLC
|a IaAS
|a NcD
|a NcRS
|a ViW
|a WaU
|
| 856 |
4 |
0 |
|z Full text available from Research Library: 01/01/1993 to 07/31/2016
|u https://search.proquest.com/publication/46875
|